LAW RELATING TO CRUELTY TO HUSBAND DIVORCE AND MAINTENANCE TO WIFE (Record no. 9762)

MARC details
000 -LEADER
fixed length control field 00303nam a22001217a 4500
003 - CONTROL NUMBER IDENTIFIER
control field SGT
082 ## - DEWEY DECIMAL CLASSIFICATION NUMBER
Classification number 346.540163,DAS
100 ## - MAIN ENTRY--PERSONAL NAME
Personal name DAS.P.K
245 ## - TITLE STATEMENT
Title LAW RELATING TO CRUELTY TO HUSBAND DIVORCE AND MAINTENANCE TO WIFE
250 ## - EDITION STATEMENT
Edition statement 3RD
260 ## - PUBLICATION, DISTRIBUTION, ETC. (IMPRINT)
Place of publication, distribution, etc NEW DELHI
Name of publisher, distributor, etc UNIVERSAL BOOKS
Year of Publication 2014
942 ## - ADDED ENTRY ELEMENTS (KOHA)
Source of classification or shelving scheme Dewey Decimal Classification
Koha item type Books
942 ## - ADDED ENTRY ELEMENTS (KOHA)
-- 1
Holdings
Withdrawn status Lost status Source of classification or shelving scheme Damaged status Not for loan Collection code Home library Current library Shelving location Date acquired Vendor Name Cost, normal purchase price SGTU Bill Number Full call number Accession No. (Barcode) Date last seen Bill Date Koha item type Total Checkouts Date last borrowed
    Dewey Decimal Classification   Not For Loan LAW SGT Science & Social Sciences Library SGT Science & Social Sciences Library Reference Book 02/08/2016 JUPITER LAW HOUSE 450.00 SGTU 856 346.540163,DAS FL397 02/08/2016 31/10/2014 Books    
    Dewey Decimal Classification     LAW SGT Science & Social Sciences Library SGT Science & Social Sciences Library Text Book 02/08/2016 JUPITER LAW HOUSE 450.00 SGTU 856 346.540163,DAS FL398 09/10/2023 31/10/2014 Books 1 03/10/2023